Trouvez les paroles #8 - Statistiques

Statistiques générales
  • Ce quiz a été pris 908 fois
    829 depuis la dernière actualisation
  • Le résultat moyen est 215 sur 283
Statistiques - réponses
Paroles % Correct
Belle
98%
elle
97%
Elle
97%
ce
96%
un
96%
Un
96%
de
95%
le
95%
Ô
95%
pour
95%
Pour
95%
à
94%
A
94%
a
94%
me
93%
et
92%
la
92%
La
92%
qui
92%
Qui
92%
C'est
91%
en
91%
je
90%
les
90%
dans
89%
inventé
89%
mes
89%
qu'on
89%
dirait
88%
mot
87%
sa
87%
ses
87%
yeux
87%
d'Esmeralda
86%
est
85%
Est
85%
sous
85%
Sous
85%
cheveux
84%
foi
84%
gitane
83%
rien
83%
robe
83%
fois
82%
ne
82%
Notre-Dame
82%
pas
82%
doigts
81%
encore
81%
Lucifer
81%
quoi
81%
qu'une
81%
son
81%
sur
81%
Glisser
80%
Quel
80%
J'ai
79%
Quand
79%
sert
79%
du
78%
posé
78%
prier
78%
celui
77%
Laisse-moi
77%
oiseau
77%
pierre
77%
Ma
76%
pieds
76%
première
76%
s'envoler
76%
Terre
76%
ailes
75%
d'être
75%
lui
75%
moi
75%
corps
74%
mérite
74%
tel
74%
jettera
73%
Celui-là
72%
jour
72%
met
72%
qu'elle
72%
sens
72%
Alors
71%
mon
71%
Oh
71%
s'ouvrir
71%
danse
70%
étend
70%
l'enfer
69%
porte
69%
désir
67%
regard
67%
une
67%
Dieu
66%
éternel
66%
originel
66%
pêché
66%
criminel
65%
diable
65%
être
64%
vous
64%
charnel
63%
jardin
62%
s'est
62%
incarné
61%
Celle
60%
ciel
60%
détourner
59%
fille
59%
fait-il
58%
mis
58%
vers
58%
désirer
57%
Est-ce
57%
joie
56%
pucelle
56%
regarder
56%
humain
55%
genre
54%
noirs
54%
grands
53%
m'empêcher
53%
Pousser
53%
prenait
53%
serait-elle
53%
aux
52%
demoiselle
52%
dulcinée
51%
infidèle
51%
jupon
50%
merveilles
50%
voir
50%
ensorcellent
49%
fleur
49%
homme
49%
monts
49%
couleurs
48%
font
48%
croix
47%
laissez-moi
47%
l'arc-en-ciel
47%
suis
47%
soudain
46%
Avant
45%
avoir
45%
jusqu'à
45%
porter
45%
Semble
45%
l'autel
43%
sel
43%
peine
42%
statue
42%
d'amour
41%
changé
40%
cueillir
40%
d'elle
40%
Malgré
40%
menée
40%
mouvements
39%
J'irai
38%
détournerait
33%
Fleur-de-Lys
33%
l'homme
31%
Aucun quiz correspondant
Distribution des résultats
% des personnes avec chaque résultat
Percentile par nombre de réponses
Votre historique - résultats
Vous n’avez pas pris ce quiz depuis la dernière actualisation